Spolok absolventov a priateľov FEI STU - EF SVŠT. Ročenka 2004

Enregistré dans:
Détails bibliographiques
Format: Livre
Langue:slovaque
Publié: Bratislava : STU v Bratislave, 2004
Sujets:
Tags: Ajouter un tag
Pas de tags, Soyez le premier à ajouter un tag!

MARC

LEADER 00000nam a22000003a 4500
001 stu137275
005 20150408163143.9
008 070122s2004----xo------------------slo-d
040 |a STU  |b slo 
041 0 |a slo 
044 |a xo 
080 |a 378.6(437.6-25) 
080 |a 378.3(058) 
245 |a Spolok absolventov a priateľov FEI STU - EF SVŠT. Ročenka 2004 
260 |a Bratislava :  |b STU v Bratislave,  |c 2004 
300 |a 123 s 
650 7 |a absolventi  |2 stusub 
650 7 |a spolky  |2 stusub 
996 |b 284EO00004  |c E*O-4  |l EE0102  |s P  |a 0  |w stu137275_0001